000 00305nam a22001337a 4500
003 SGT
082 _a320
_bT83G
100 _aGANDHI, ARUN
245 _aTHE MORARJI PAPERS: FALL OF THE JANATA GOVERNMENT
260 _bVISION BOOKS
_c1983
300 _a256
650 _aPOLITICAL SCIENCE
942 _2ddc
_cBK
999 _c28140
_d28140